Impertinent Poems

Saved in:
Bibliographic Details
Main Author: Cooke, Edmund Vance, 1866-1932
Other Authors: Ross, Gordon, 1873-1946 (Illustrator)
Format: Electronic eBook
Language:English
Published: Project Gutenberg, 2010
Series:Project Gutenberg 33770
Online Access:http://www.gutenberg.org/etext/33770
Rights
Tags: Add Tag
No Tags, Be the first to tag this record!
Call Number :

MARC

LEADER 00000cam a22000003a 4500
001 69397
003 MY-KLNDU
005 20241219030701.0
008 210402s2010||||xxu|||||s|||||000 p eng d
035 |a (PGUSA)33770 
039 9 |y 202104021625  |z VLOAD 
040 |a PGUSA  |b eng 
042 |a dc 
100 1 |a Cooke, Edmund Vance, 1866-1932 
245 1 0 |a Impertinent Poems  |h [electronic resource] /  |c by Edmund Vance, 1866-1932 Cooke; illustrated by Gordon, 1873-1946 Ross 
260 |b Project Gutenberg,  |c 2010 
500 |a Project Gutenberg 
506 |a Freely available. 
516 |a Electronic text 
599 |a Dummy Record 
700 1 |a Ross, Gordon, 1873-1946,  |e Illustrator 
830 0 |a Project Gutenberg  |v 33770 
856 4 0 |u http://www.gutenberg.org/etext/33770 
856 4 2 |u http://www.gutenberg.org/license  |3 Rights 
999 |a vtls000080157  |c 69397  |d 69397